Music Quiz

Random Music or Song Quiz

Katherine Jenkins Singles Quiz Stats

 Plays Quiz not verified by Sporcle

Challenge
Share
Tweet
Embed
Score 0/11 Timer 10:00
0 Plays Today
Year Song % Correct
2005Time To Say Goodbye
100%
2007I (Who Have Nothing)
75%
2009. with Andrea BocelliI Believe
75%
2010Fear of Falling
75%
2010Tell Me I'm Not Dreaming
75%
2006Do Not Stand At My Grave & Weep
62.5%
2006Green, Green Grass of Home
62.5%
2008Hallelujah
62.5%
2009Bring Me To Life
62.5%
2009Angel
62.5%
2010Love Never Dies
62.5%

You're not logged in!

Compare scores with friends on all Sporcle quizzes.
OR
Log In

You Might Also Like...

Show Comments

Extras

Top Quizzes Today


Score Distribution

Your Account Isn't Verified!

In order to create a playlist on Sporcle, you need to verify the email address you used during registration. Go to your Sporcle Settings to finish the process.

Report this User

Report this user for behavior that violates our Community Guidelines.

Details: